Loading...
| History - European | 0 | 9 | 1 | 0 | 85 | 27 | 60.67 | 4 | 7 | 0.00 | 0.00 |
| Literature - European | 0 | 9 | 1 | 0 | 85 | 49 | 86.67 | 2 | 7 | 0.00 | 0.00 |
| Literature - World | 0 | 8 | 0 | 0 | 80 | 56 | 87.38 | 3 | 6 | 0.00 | 0.00 |
| Philosophy | 0 | 7 | 0 | 1 | 70 | 46 | 79.43 | 4 | 6 | 0.00 | 0.00 |
| History - Other | 0 | 6 | 0 | 0 | 60 | 23 | 61.67 | 2 | 6 | 0.00 | 0.00 |
| History - World | 0 | 6 | 0 | 0 | 60 | 21 | 51.17 | 5 | 6 | 0.00 | 0.00 |
| Literature - American | 0 | 6 | 2 | 0 | 50 | 25 | 71.83 | 4 | 6 | 0.00 | 0.00 |
| Literature - British | 0 | 4 | 0 | 1 | 40 | 91 | 113.25 | 2 | 2 | 0.00 | 0.00 |
| Fine Arts - Other | 0 | 3 | 0 | 0 | 30 | 59 | 81.00 | 2 | 2 | 0.00 | 0.00 |
| Religion | 0 | 4 | 2 | 0 | 30 | 44 | 63.50 | 3 | 4 | 0.00 | 0.00 |
| Mythology | 0 | 3 | 0 | 0 | 30 | 55 | 86.33 | 2 | 3 | 0.00 | 0.00 |
| Science - Other | 0 | 2 | 0 | 1 | 20 | 68 | 100.00 | 1 | 2 | 0.00 | 0.00 |
| History - American | 0 | 1 | 0 | 0 | 10 | 124 | 124.00 | 0 | 0 | 0.00 | 0.00 |
| Fine Arts - Painting & Sculpture | 0 | 1 | 0 | 0 | 10 | 82 | 82.00 | 1 | 1 | 0.00 | 0.00 |
| Fine Arts - Classical Music | 0 | 1 | 0 | 0 | 10 | 118 | 118.00 | 0 | 0 | 0.00 | 0.00 |
| Other | 0 | 1 | 1 | 0 | 5 | 100 | 100.00 | 0 | 0 | 0.00 | 0.00 |